| 000 | 00714nam a2200217 a 4500 | ||
|---|---|---|---|
| 001 | 000047961 | ||
| 005 | 20201002060830.0 | ||
| 008 | 181005d2016 dr a r 000 0 spa d | ||
| 020 | _a9789945595840 | ||
| 040 |
_aDO-SdBNP _bspa _cBNPHU |
||
| 082 |
_axxx _bP343e, 5to |
||
| 100 | 1 |
_aPayán Velez , Carolina _bV436e, 5to. _975487 |
|
| 245 | 1 | 0 |
_aEducación artística 5 : _bquinto grado, segundo ciclo; educación primaria / _cCarolina Payán Velez, Verónica Veloz. |
| 260 |
_aSanto Domingo : _bActualidad, _c2016. |
||
| 300 |
_a160 p. : _bil. ; _c28 cm. |
||
| 490 | 1 | _aVeraz | |
| 504 | _aBibliografía : p. 160 | ||
| 590 | _aInventariado, 2019/MFF | ||
| 700 | 1 |
_aVeloz, Verónica _974850 |
|
| 830 | 0 |
_aVeraz _974848 |
|
| 999 |
_c47449 _d47449 |
||